| 000 | 01298nam a2200361 a 4500 | ||
|---|---|---|---|
| 001 | 2586368 | ||
| 003 | OSt | ||
| 005 | 20180116192417.0 | ||
| 008 | 950420s1995 enkae b 001 0 eng d | ||
| 010 | _a 96137501 | ||
| 015 | _aGB95-84288 | ||
| 020 | _a1870673115 | ||
| 020 | _a9781870673419 | ||
| 035 | _a(OCoLC)32798160 | ||
| 040 |
_aMH _cMH _dNNBG _dUk _dDLC |
||
| 042 | _alccopycat | ||
| 043 | _aw------ | ||
| 050 | 0 | 4 |
_aSB472.32.T73 _bH55 1995 |
| 082 | 0 | 0 |
_a712.0913 _220 |
| 100 | 1 |
_aHill, W. F. _q(William Frank) _96887 |
|
| 245 | 1 | 0 |
_aLandscape handbook for the tropics / _cW.F. Hill. |
| 250 | _a1st ed. | ||
| 260 |
_aWoodbridge, Suffolk, UK ; _aWappingers' Falls, NY, USA : _bGarden Art Press, _c1995. |
||
| 300 |
_a407 p. : _bill. (some col.), plans ; _c28 cm. |
||
| 504 | _aIncludes bibliographical references and index. | ||
| 650 | 0 |
_aLandscape architecture _zTropics _xDesigns and plans _xHandbooks, manuals, etc. _96888 |
|
| 650 | 0 |
_aLandscape design _zTropics _xHandbooks, manuals, etc. _96889 |
|
| 653 | 0 |
_aTropical regions _aLandscape design |
|
| 906 |
_a7 _bcbc _ccopycat _d3 _encip _f19 _gy-gencatlg |
||
| 942 |
_2ddc _cBK |
||
| 999 |
_c353780 _d353780 |
||